| 000 | 00538nam a22001937a 4500 | ||
|---|---|---|---|
| 003 | KOHA_MİRAKIL | ||
| 005 | 20260331124526.0 | ||
| 008 | 260331b tu ||||| |||| 00| 0 tur d | ||
| 020 | _a9786253692537 | ||
| 040 |
_aTR-AnABB _btur _cTR-AnABB |
||
| 041 | _atur | ||
| 082 |
_a811.42 _b CEN 2024 |
||
| 100 | 1 | _aCengizhan, Ali | |
| 245 | 1 | 0 |
_aŞehrin Gölgeleri / _cAli Cengizhan |
| 260 |
_aİstanbul : _bEverest Yayınları , _c2024 |
||
| 300 |
_a68 sayfa ; _c20 cm |
||
| 650 | 0 | 4 | _aTürk edebiyatı, şiir |
| 942 |
_2ddc _cBK |
||
| 999 |
_c10131 _d10131 |
||
| 900 | _bCem ÖZOGLU | ||